000 00699nam a22002057a 4500
999 _c196024
_d196024
005 20230526144927.0
010 _aENG-136949
020 _a9789384401191
_c275.00
035 _aEN-120481
037 _bDBAD/PUB
082 _a158.1
100 _aAashob, Q.A
245 _aOpen Secret :
_bKey To Unlimited Success /
_cBy Q.A Aashob
250 _aFirst
260 _bPigeon Books India
_c2017
_aNew Delhi
270 _k9810229648
_k9312286851
_a16, Ansari Road, Darya Ganj ,
_bNew Delhi
_e110002
_mgbdbooks@gmail.com
300 _a256p.;
_c22cm.(pbk)
500 _aEvery knows But Nobody Sees The Splendor Equation That Makes Or Makes Your World
942 _2ddc
_cEN
_h158.1
_mAAS